Cable Television Rate Regulation : Background and Status.

Analyzes debate over regulation of cable television industry rates, including customer complaints, industry and General Accounting Office surveys, and policy options for rates and competition.

Bibliographic Details
Corporate Authors: Library of Congress. Congressional Research Service, ProQuest (Firm)
Format: eBook
Language:English
Published: [Place of publication not identified] : [publisher not identified], 1991-1992.
Series:U.S. Congressional Research.
Subjects:
Online Access:Connect to the full text of this electronic book

MARC

Tag First Indicator Second Indicator Subfields
LEADER 00000cam a22000001a 4500
001 in00003362016
006 m d f
007 cr bn mmmapmmp
008 100623m19911992dcu o f000 0 eng d
005 20260430165825.5
035 |a cis2007884428 
040 |a ProQuest  |c ProQuest  |d UtOrBLW 
043 |a n-us--- 
099 |a CRS-1991-ECN-0067 
110 2 |a Library of Congress.  |b Congressional Research Service. 
245 1 0 |a Cable Television Rate Regulation :  |b Background and Status. 
264 1 |a [Place of publication not identified] :  |b [publisher not identified],  |c 1991-1992. 
300 |a 1 online resource. 
336 |a text  |b txt  |2 rdacontent 
337 |a computer  |b c  |2 rdamedia 
338 |a online resource  |b cr  |2 rdacarrier 
500 |a Record is based on bibliographic data in ProQuest U.S. Congressional Research Digital Collection (last viewed June 2010). Reuse except for individual research requires license from ProQuest, LLC. 
500 |a CRS Report. 
520 |a Analyzes debate over regulation of cable television industry rates, including customer complaints, industry and General Accounting Office surveys, and policy options for rates and competition. 
500 |a Electronic resource. 
650 0 |a Cable television. 
650 0 |a Competition. 
650 0 |a Surveys. 
655 7 |a Electronic books.  |2 local 
710 2 |a ProQuest (Firm) 
776 0 8 |i Microfiche version:   |a Library of Congress. Congressional Research Service.  |t Cable Television Rate Regulation 
830 0 |a U.S. Congressional Research. 
856 4 0 |u http://proxy.library.tamu.edu/login?url=https://congressional.proquest.com/congcomp/getdoc?CRDC-ID=CRS-1991-ECN-0067  |z Connect to the full text of this electronic book  |t 0 
999 |a MARS 
999 f f |s 21210502-f962-32f7-a633-502aef0bc6c4  |i 764d1e8d-379f-302b-84a0-9b0e050ee41a  |t 0 
952 f f |a Texas A&M University  |b College Station  |c Electronic Resources  |s www_evans  |d Available Online  |t 0  |e CRS-1991-ECN-0067  |h Other scheme 
998 f f |a CRS-1991-ECN-0067  |t 0  |l Available Online